| 000 | 00382nam a22001337a 4500 | ||
|---|---|---|---|
| 082 | _aP-743 | ||
| 100 |
_aSheikh Muhammad Usman _936200 |
||
| 245 |
_aIntegrated Mass Transit System for Peshawar _cSheikh Muhammad Usman |
||
| 260 |
_aRisalpur, _bMCE. _c2017. |
||
| 300 |
_a87p. _bNil. |
||
| 526 |
_a0 _b0 _c0 _dP_743 |
||
| 700 |
_aLt Col Muhammad Bilal Khurshid _951219 |
||
| 942 |
_2ddc _cBK |
||
| 999 |
_c553965 _d553965 |
||